Methods of social research (Record no. 23582)

000 -LEADER
fixed length control field 00268nam a22000977a 4500
003 - CONTROL NUMBER IDENTIFIER
control field Nust
005 - DATE AND TIME OF LATEST TRANSACTION
control field 20170526162900.0
008 - FIXED-LENGTH DATA ELEMENTS--GENERAL INFORMATION
fixed length control field 131218b xxu||||| |||| 00| 0 eng d
020 ## - INTERNATIONAL STANDARD BOOK NUMBER
Terms of availability Available
040 ## - CATALOGING SOURCE
Original cataloging agency DLC
Language of cataloging DLC
Transcribing agency RCMS
082 ## - DEWEY DECIMAL CLASSIFICATION NUMBER
Edition number 4th, ed.
Classification number 300.18 BAI
100 ## - MAIN ENTRY--PERSONAL NAME
Personal name Bailey, Kenneth D.
9 (RLIN) 1471
245 ## - TITLE STATEMENT
Title Methods of social research
Statement of responsibility, etc. Kenneth D.Bailey
250 ## - EDITION STATEMENT
Edition statement 4th,ed.
260 ## - PUBLICATION, DISTRIBUTION, ETC.
Place of publication, distribution, etc. Islamabad
Name of publisher, distributor, etc. National Book Foundation
Date of publication, distribution, etc. c2008
300 ## - PHYSICAL DESCRIPTION
Extent xviii, 588 p. :
Other physical details ill:
Dimensions 24 cm.
500 ## - GENERAL NOTE
General note Includes bibliographical references and index
538 ## - SYSTEM DETAILS NOTE
Display text Shelf # 13, Row # 3, Fiction.
650 ## - SUBJECT ADDED ENTRY--TOPICAL TERM
Topical term or geographic name entry element Sociology --Methodology.
9 (RLIN) 1472
856 ## - ELECTRONIC LOCATION AND ACCESS
Materials specified Table of Content Only
942 ## - ADDED ENTRY ELEMENTS (KOHA)
Source of classification or shelving scheme
Koha item type Fiction
Holdings
Withdrawn status Lost status Source of classification or shelving scheme Damaged status Not for loan Collection code Permanent Location Current Location Shelving location Date acquired Total Checkouts Full call number Barcode Date last seen Price effective from Koha item type Date last checked out
            School of Interdisciplinary Engineering and Sciences (SINES) School of Interdisciplinary Engineering and Sciences (SINES) Fiction 12/18/2013   307.2BAI RCMS000903 12/18/2013 12/18/2013 Fiction  
            School of Interdisciplinary Engineering and Sciences (SINES) School of Interdisciplinary Engineering and Sciences (SINES) Fiction 12/18/2013 2 307.2BAI RCMS000904 08/18/2016 12/18/2013 Fiction 06/23/2016
© 2023 Central Library, National University of Sciences and Technology. All Rights Reserved.